| 000 | 00766cab a2200241 4500 | ||
|---|---|---|---|
| 001 | ABS42187 | ||
| 008 | 090401t1990 xxu||||| |||| 00| 0 eng d | ||
| 035 | _a(Sirsi) u35189 | ||
| 041 | _aeng | ||
| 100 | _aSimpson, J. | ||
| 245 | _aBeware lethal landfill gases | ||
| 260 | _c1990 | ||
| 350 | _a0 | ||
| 490 |
_aBuilding Today _v199(5842) 8 February 1990, 24-25(2) |
||
| 520 | _aDiscusses the problem of landfill gas es for builders. The background to the problem is outlined with guidelines on how to check a site for gas . Contains illustrations of the different types of gas escape. | ||
| 650 | _aCONTAMINATED LAND | ||
| 650 | _aHOUSE BUILDING | ||
| 650 | _aMETHANE | ||
| 650 | _aWASTE SITES | ||
| 690 | _aLAND | ||
| 942 | _n0 | ||
| 948 | _c04/03/1997 | ||
| 999 |
_c23078 _d23078 |
||